| 000 -ლიდერი |
| ფიქსირებული სიგრძის საკონტროლო ველი |
01589nam a2200265Ia 4500 |
| 001 - საკონტროლო ნომერი |
| საკონტროლო ველი |
17569 |
| 003 - საკონტროლო ნომრის იდენტიფიკატორი |
| საკონტროლო ველი |
GE_BSU |
| 005 - ბოლო ოპერაციის თარიღი და დრო |
| საკონტროლო ველი |
20200220102639.0 |
| 008 - ფიქსირებული სიგრძის მონაცემთა ელემენტები - ზოგადი ინფორმაცია |
| ფიქსირებული სიგრძის საკონტროლო ველი |
181216s2015ge xx |||||||||||||| ||geo|| |
| 020 ## - წიგნის საერთაშორისო სტანდარტული ნომერი |
| International Standard Book Number |
9789941462191 |
| 040 ## - კატალოგიზაციის წყარო |
| Transcribing agency |
GE_BSU |
| 041 ## - ენის კოდი |
| Language code of text/sound track or separate title |
geo |
| 080 ## - უნივერსალური ათობითი კლასიფიკაციის ინდექსი |
| Universal Decimal Classification number |
34.01 გ-69 |
| 100 ## - მთავარი ჩანაწერი - პიროვნების სახელი |
| Personal name |
გორგოშაძე, მურმან. |
| 9 (RLIN) |
7189 |
| 245 ## - ცნობა სათაურის შესახებ |
| Title |
სამართლის ფილოსოფიის საგანი, სისტემა, ფუნქციები / |
| Statement of responsibility, etc |
სარედ.კოლ: ადამ მახარაძე ; მურმან გორგოშაძე ; ომარ მახარაძე ; და სხვ. |
| 264 ## - წარმოების, გამოცემის, დისტრიბუციის და სხვა ცნობები |
| გამოცემის, წარმოების, დისტრიბუციის... ადგილი |
ბათუმი : |
| გამოცემის, წარმოების, დისტრიბუციის... სახელწოდება |
შოთა რუსთაველის უნიტის გამ-ბა, |
| გამოცემის, წარმოების, დისტრიბუციის... თარიღი |
2015. |
| 300 ## - ფიზიკური აღწერა |
| Extent |
30 გვ; |
| Dimensions |
20 სმ. |
| 440 ## - სერიის ცნობა / დამატებულია ჩანაწერი - სათაური |
| Title |
საგანმანათლებლო სერია- სამართალმცოდნეობის სპეციალობის სტუდენტის ბიბლიოთეკა №9 |
| 9 (RLIN) |
7190 |
| 653 ## - INDEX TERM--UNCONTROLLED |
| Uncontrolled term |
სამართლი |
| 653 ## - INDEX TERM--UNCONTROLLED |
| Uncontrolled term |
სამართლის ფილოსოფიის საგანი |
| 700 ## - ADDED ENTRY--PERSONAL NAME |
| Personal name |
მახარაძე, ადამ |
| Relator term |
სარედაქციო კოლეგია |
| 9 (RLIN) |
5625 |
| 700 ## - ADDED ENTRY--PERSONAL NAME |
| Personal name |
გორგოშაძე, მურმან |
| Relator term |
სარედაქციო კოლეგია |
| 9 (RLIN) |
7189 |
| 700 ## - ADDED ENTRY--PERSONAL NAME |
| Personal name |
მახარაძე, ომარ |
| Relator term |
სარედაქციო კოლეგია |
| 9 (RLIN) |
244 |
| 942 ## - ADDED ENTRY ELEMENTS (KOHA) |
| Koha item type |
წიგნი |
| Source of classification or shelving scheme |
|